000 00425nam a2200181Ia 4500
001 10048
005 20260306161803.0
008 260306t2022||||xx |||||||||||||| ||spa||
041 _aESP
082 _aPE 869.57
_bM36
100 _aMedina Hinojosa, Sarko
_eAUT
245 0 _aEl color de la música
260 _c2022
300 _a69 páginas :
_c22 cm.
650 _aGEN
654 _aCHU
942 _cLIB
_dJUS
_fJUS
_2ddc
_n
999 _c10048
_d10048